[Event "Bydgoszcz Fordonski op 2nd"]
[White "Oledzki, Adam"]
[Black "Wisniewski, Adam"]
[Site "Bydgoszcz"]
[Round "1"]
[Result "0-1"]
[Date "2007.07.27"]
[WhiteElo "1897"]
[BlackElo "2074"]
[PlyCount "48"]
[EventDate "2007.07.27"]
[EventType "swiss"]
[EventRounds "5"]
[EventCountry "POL"]
[SourceTitle "EXT 2011"]
[Source "ChessBase"]
[SourceDate "2010.11.26"]
[SourceVersion "1"]
[SourceVersionDate "2010.11.26"]
[SourceQuality "1"]

1. c4 e6 2. g3 d5 3. cxd5 exd5 4. Bg2 Nf6 5. d3 Be7 6. e3 0-0 7. Ne2 Nbd7 8. 0-0 c6 9. a3 a5 10. b3 Qb6 11. Nbc3 Nc5 12. Rb1 Bf5 13. d4 Nce4 14. Ra1 Qc7 15. Bd2 Rfe8 16. a4 Qb6 17. Nf4 Nxd2 18. Qxd2 Qxb3 19. Nd3 Bb4 20. Rfc1 Ne4 21. Bxe4 Bxe4 22. Rab1 Bxc3 23. Qxc3 Qc4 24. Rb3 Bxd3 0-1

[Event "Kowalewo Pomorskie op-B"]
[White "Czapiewski, Waldemar"]
[Black "Oledzki, Adam"]
[Site "Kowalewo Pomorskie"]
[Round "6.14"]
[Result "0-1"]
[Date "2007.07.08"]
[WhiteElo "1815"]
[BlackElo "1897"]
[PlyCount "68"]
[EventDate "2007.07.04"]
[EventType "swiss"]
[EventRounds "9"]
[EventCountry "POL"]
[SourceTitle "EXT 2023"]
[Source "ChessBase"]
[SourceDate "2022.10.05"]
[SourceVersion "1"]
[SourceVersionDate "2022.10.05"]
[SourceQuality "1"]

1. e4 d6 2. d4 Nf6 3. Nc3 g6 4. h3 Bg7 5. Nf3 c6 6. Be2 b5 7. a3 0-0 8. 0-0 a5 9. Be3 Bb7 10. Bd3 Qc7 11. Ne2 Nbd7 12. Ng3 c5 13. Bxb5 Nxe4 14. Nxe4 Bxe4 15. dxc5 Nxc5 16. c3 Bxf3 17. Qxf3 a4 18. Bc6 Ra6 19. Bxc5 dxc5 20. Bb5 Rb6 21. Bxa4 Rxb2 22. Rab1 Rxb1 23. Rxb1 Qa5 24. Bb3 Qxa3 25. Qf4 Bxc3 26. Bc4 Kg7 27. Qf3 Bb4 28. Qd5 Qc3 29. Rb3 Qa1+ 30. Kh2 e6 31. Qe4 Rd8 32. Rf3 Qd4 33. Qb7 Rd7 34. Qc6 Qd6+ 0-1

[Event "POL-chT3 0607"]
[White "Oledzki, Adam"]
[Black "Grodzicki, Tomasz"]
[Site "Poland"]
[Round "7.5"]
[Result "1-0"]
[Date "2007.02.11"]
[WhiteElo "1899"]
[BlackElo "1800"]
[PlyCount "63"]
[EventDate "2006.11.12"]
[EventType "team-tourn"]
[EventRounds "11"]
[EventCountry "POL"]
[SourceTitle "EXT 2009"]
[Source "ChessBase"]
[SourceDate "2008.11.26"]
[SourceVersion "1"]
[SourceVersionDate "2008.11.26"]
[SourceQuality "1"]

1. c4 e5 2. Nc3 Nf6 3. g3 Nc6 4. Bg2 Bc5 5. e3 0-0 6. Nge2 d6 7. 0-0 Be6 8. d4 exd4 9. exd4 Nxd4 10. Nxd4 Bxc4 11. Re1 Qd7 12. b3 Ba6 13. Bb2 Rfe8 14. Ne4 Nxe4 15. Bxe4 d5 16. Bf3 Bb4 17. Rxe8+ Rxe8 18. Qc2 c5 19. Ne2 d4 20. Nf4 Qb5 21. Be4 f5 22. Bxf5 Re1+ 23. Rxe1 Bxe1 24. Bxh7+ Kh8 25. Bd3 Qa5 26. Bxa6 bxa6 27. Ng6+ Kh7 28. Ne7+ Kh8 29. Bxd4 cxd4 30. Qc8+ Kh7 31. Qh3+ Qh5 32. Qxh5# 1-0

[Event "KPZS-ch"]
[White "Oledzki, Adam"]
[Black "Wisniewski, Adam"]
[Site "Sepolno Kraj"]
[Round "7"]
[Result "1/2-1/2"]
[Date "2006.06.28"]
[WhiteElo "1933"]
[BlackElo "2068"]
[PlyCount "23"]
[EventDate "2006.06.24"]
[EventType "swiss"]
[EventRounds "9"]
[EventCountry "POL"]
[SourceTitle "EXT 2007"]
[Source "ChessBase"]
[SourceDate "2006.11.23"]
[SourceVersion "1"]
[SourceVersionDate "2006.11.23"]
[SourceQuality "1"]

1. e4 e6 2. d4 d5 3. exd5 exd5 4. Bd3 Bd6 5. Nf3 Ne7 6. h3 Bf5 7. 0-0 0-0 8. c3 Bxd3 9. Qxd3 f6 10. Re1 Qd7 11. Nbd2 Ng6 12. Nf1 1/2-1/2

[Event "KPZS-ch"]
[White "Oledzki, Adam"]
[Black "Karpinski, Bartlomiej"]
[Site "Sepolno Kraj"]
[Round "3"]
[Result "1/2-1/2"]
[Date "2006.06.25"]
[WhiteElo "1933"]
[BlackElo "1800"]
[PlyCount "84"]
[EventDate "2006.06.24"]
[EventType "swiss"]
[EventRounds "9"]
[EventCountry "POL"]
[SourceTitle "EXT 2007"]
[Source "ChessBase"]
[SourceDate "2006.11.23"]
[SourceVersion "1"]
[SourceVersionDate "2006.11.23"]
[SourceQuality "1"]

1. e4 c5 2. Nf3 Nc6 3. c3 d6 4. d4 cxd4 5. cxd4 g6 6. Nc3 Bg7 7. Be3 Bg4 8. Be2 Nf6 9. Qa4 Qd7 10. Qd1 Qd8 11. 0-0 0-0 12. Re1 Re8 13. Rf1 Rc8 14. Qa4 a6 15. Nd2 Bxe2 16. Nxe2 Qa5 17. Qxa5 Nxa5 18. Rac1 e6 19. Rxc8 Rxc8 20. Rc1 Rxc1+ 21. Nxc1 b5 22. f3 d5 23. Ncb3 Nxb3 24. Nxb3 Nd7 25. Kf2 Kf8 26. Ke2 Ke7 27. Kd3 Kd6 28. e5+ Kc6 29. Na5+ Kb6 30. b4 Nb8 31. a3 Nc6 32. Nxc6 Kxc6 33. Bg5 h6 34. Be7 Kb6 35. Bc5+ Kc6 36. g3 f6 37. f4 fxe5 38. dxe5 Kd7 39. h4 h5 40. Kd4 Kc6 41. Be7 Kd7 42. Bg5 Bf8 1/2-1/2

[Event "Torun-Bydgoszcz m"]
[White "Oledzki, Adam"]
[Black "Dydel, Alekdander"]
[Site "Przysiek"]
[Round "?"]
[Result "1/2-1/2"]
[Date "2005.12.04"]
[WhiteElo "1953"]
[BlackElo "2000"]
[PlyCount "95"]
[EventDate "2005.12.04"]
[EventType "team-tourn"]
[EventRounds "1"]
[EventCountry "POL"]
[SourceTitle "EXT 2007"]
[Source "ChessBase"]
[SourceDate "2006.11.23"]
[SourceVersion "1"]
[SourceVersionDate "2006.11.23"]
[SourceQuality "1"]

1. e4 e6 2. d4 b6 3. Bd3 Bb7 4. Bf4 Nf6 5. Nd2 d5 6. e5 Nfd7 7. Ngf3 c5 8. c3 Qc7 9. 0-0 Be7 10. h3 Ba6 11. Bxa6 Nxa6 12. Nh2 Rc8 13. Qe2 Qb7 14. Rac1 b5 15. Be3 cxd4 16. cxd4 0-0 17. f4 Nb4 18. a3 Nc2 19. Bf2 b4 20. Qd3 Qc6 21. Nb1 bxa3 22. bxa3 Qc4 23. Qd1 Qa2 24. Nf3 Bxa3 25. Nxa3 Nxa3 26. Ra1 Qb2 27. Qa4 Nb5 28. Rfb1 Qe2 29. Qxb5 Rc1+ 30. Kh2 Qxb5 31. Rxc1 Qb7 32. Rc2 Nb6 33. Rca2 Ra8 34. Be1 a6 35. Rb1 Qc6 36. Rab2 Nd7 37. Bd2 h6 38. Rc1 Qa4 39. Rc7 Rd8 40. Rbb7 f6 41. Bb4 Kf7 42. Bd2 f5 43. Rb6 Qa2 44. Rbb7 Qa4 45. Ra7 Qb5 46. Rab7 Qa4 47. Rc5 Ke8 48. Rcc7 1/2-1/2

[Event "KPZS-ch"]
[White "Strzemiecki, Zbigniew"]
[Black "Oledzki, Adam"]
[Site "Poland"]
[Round "3"]
[Result "1-0"]
[Date "2005.06.26"]
[WhiteElo "2134"]
[BlackElo "1800"]
[PlyCount "83"]
[EventDate "2005.06.25"]
[EventType "swiss"]
[EventRounds "9"]
[EventCountry "POL"]
[SourceTitle "EXT 2007"]
[Source "ChessBase"]
[SourceDate "2006.11.23"]
[SourceVersion "1"]
[SourceVersionDate "2006.11.23"]
[SourceQuality "1"]

1. e4 d6 2. d4 Nf6 3. Nc3 g6 4. f4 Bg7 5. Nf3 c5 6. dxc5 Qa5 7. Bd3 Qxc5 8. Qe2 0-0 9. Be3 Qa5 10. h3 Nc6 11. 0-0 d5 12. e5 Nh5 13. Kh2 Bh8 14. a3 Ng7 15. Nd4 Nxd4 16. Bxd4 Nf5 17. Bg1 e6 18. b4 Qd8 19. g4 Ne7 20. Nb5 Bd7 21. Nd4 Nc6 22. Nxc6 Bxc6 23. Bd4 a6 24. a4 Bd7 25. a5 Bg7 26. Rae1 Re8 27. Rg1 f5 28. exf6 Bxf6 29. Be5 b6 30. Qd2 Bxe5 31. Rxe5 b5 32. Qe3 Qf6 33. Rf1 Rac8 34. Qd4 Qf8 35. Kg3 Qd6 36. h4 Re7 37. h5 Rg7 38. Rg5 Be8 39. h6 Re7 40. Re1 Qc7 41. Rge5 Qd6 42. Rxe6 1-0

[Event "Solec Kuj-ch Seniors"]
[White "Oledzki, Adam"]
[Black "Mazalon, Mariusz"]
[Site "Solec Kuj"]
[Round "1"]
[Result "0-1"]
[Date "2003.??.??"]
[WhiteElo "1800"]
[BlackElo "2165"]
[PlyCount "72"]
[EventDate "2003.??.??"]
[EventType "swiss"]
[EventRounds "9"]
[EventCountry "POL"]
[SourceTitle "EXT 2007"]
[Source "ChessBase"]
[SourceDate "2006.11.23"]
[SourceVersion "1"]
[SourceVersionDate "2006.11.23"]
[SourceQuality "1"]

1. e4 c5 2. Nf3 d6 3. c3 Nf6 4. Be2 g6 5. 0-0 Bg7 6. d3 0-0 7. Be3 Nc6 8. Nbd2 e5 9. a4 h6 10. h3 b6 11. Nh2 d5 12. f3 d4 13. Bf2 Nh5 14. cxd4 Nxd4 15. Nb3 Nxe2+ 16. Qxe2 Nf4 17. Qc2 Qxd3 18. Qxd3 Nxd3 19. a5 Be6 20. Nd2 Nxf2 21. Kxf2 h5 22. Rfd1 Rfd8 23. Nhf1 Bh6 24. g4 b5 25. Ne3 Rd3 26. Ndf1 Rad8 27. Nd5 Rxd1 28. Rxd1 Bxd5 29. Rxd5 Rxd5 30. exd5 hxg4 31. hxg4 Bf4 32. Ke2 Kf8 33. Ne3 Bxe3 34. Kxe3 f5 35. f4 e4 36. b3 Ke7 0-1